Logo BPK

Bibliografia Prac Pracowników

Politechniki Koszalińskiej

Application of genetic algorithms in a system to control wheel lockup at braking : (Rekord nr 8370)

Szczegóły MARC
000 -ETYKIETA REKORDU
podpole kontrolne o stałej długości 01099naa a22002057i 4500
003 - IDENTYFIKATOR NUMERU KONTROLNEGO REKORDU
podpole kontrolne KOSZ 005
005 - DATA OSTATNIEJ MODYFIKACJI REKORDU
podpole kontrolne 20180215114126.0
008 - POLE O STAŁEJ DŁUGOŚCI - DANE KONTROLNE
podpole kontrolne o stałej długości 160308s2003 pl ||||| ||||1|| 0 pol
035 ## - NUMER SYSTEMOWY
Numer systemowy przejętego rekordu PBN-R:248667
040 ## - ŹRÓDŁO KATALOGOWANIA
Instytucja, która utworzyła rekord KOSZ 005/md
Instytucja, która sporządziła opis PBN-ID
Instytucja, która dokonała modyfikacji KOSZ 005/HR
041 0# - KOD JĘZYKA
Kod języka tekstu pol
100 1# - NAZWA OSOBOWA
Nazwa osobowa KACALAK, Wojciech.
Lata pracy 1996 - .
Instytucja Politechnika Koszalińska - Wydział Mechaniczny,
Wydział Katedra Mechaniki Precyzyjnej
245 10 - TYTUŁ/ODPOWIEDZIALNOŚĆ
Tytuł Application of genetic algorithms in a system to control wheel lockup at braking :
Ciąg dalszy tytułu algorithm and model /
Pozostałe elementy strefy tytułu i oznaczenia odpowiedzialności W. Kacalak, S. Macioszek, A. Sobótka, T. Witkowski.
655 #0 - TERMIN INDEKSOWY - OKREŚLENIE RODZAJU/FORMY DOKUMENTU
Określnie rodzaju/formy dokumentu Materiały konferencyjne.
700 1# - HASŁO DODATKOWE - NAZWA OSOBOWA
Nazwa osobowa SOBÓTKA, Adam - doktorant.
Instytucja Politechnika Koszalińska
700 1# - HASŁO DODATKOWE - NAZWA OSOBOWA
Nazwa osobowa WITKOWSKI, Tomasz - doktorant.
Instytucja Politechnika Koszalińska - Wydział Mechaniczny,
Wydział Katedra Mechaniki Precyzyjnej
773 0# - TYTUŁ DOKUMENTU MACIERZYSTEGO
Wyrażenie wprowadzające W :
Tytuł VI Międzynarodowa Konferencja Naukowa „Nowoczesne techniki i technologie”. -
Adres wydawniczy Koszalin, 2003. -
Informacje dotyczące relacji s.
711 22 - HASŁO DODATKOWE - NAZWA IMPREZY
Nazwa imprezy Międzynarodowa Konferencja Naukowa "Nowoczesne techniki i technologie"
Oznaczenie części/sekcji dzieła (6 ;
Data imprezy 2003 ;
Miejsce imprezy Koszalin, Polska).
942 ## - HASŁO DODATKOWE - ELEMENTY(KOHA)
Typ dokumentu Rozdział
Schemat klasyfikacji Uniwersalna klasyfikacja dziesiętna

Brak dostępnych egzemplarzy.

© 2014 Biblioteka Politechniki Koszalińskiej :: BIBLIOGRAFIA PRAC PRACOWNIKÓW